Профессор С. С. Ильенок (к 95-летию со дня рождения); Известия Томского политехнического университета [Известия ТПУ]; Т. 312, № 1 : Науки о Земле

Bibliografiske detaljer
Parent link:Известия Томского политехнического университета [Известия ТПУ]/ Томский политехнический университет (ТПУ).— , 2000-
Т. 312, № 1 : Науки о Земле.— 2008.— [С. 94-97]
Hovedforfatter: Кучеренко И. В. Игорь Васильевич
Andre forfattere: Скрипко О. К. Ориэнта Константиновна
Summary:Заглавие с титульного листа
Электронная версия печатной публикации
Описан жизненный путь и научная деятельность заведующего кафедрой петрографии Томского политехнического института профессора С. С. Ильенка (1912-1983).
Sprog:russisk
Udgivet: 2008
Serier:Страницы истории ТПУ
Fag:
Online adgang:http://www.lib.tpu.ru/fulltext/v/Bulletin_TPU/2008/v312/i1/16.pdf
Format: MixedMaterials Electronisk Book Chapter
KOHA link:https://koha.lib.tpu.ru/cgi-bin/koha/opac-detail.pl?biblionumber=172905

MARC

LEADER 00000nla2a2200000 4500
001 172905
005 20231101223050.0
035 |a (RuTPU)RU\TPU\book\187523 
035 |a RU\TPU\book\187522 
090 |a 172905 
100 |a 20091216d2008 k y0rusy50 ca 
101 0 |a rus 
102 |a RU 
135 |a drnn ---uucaa 
181 0 |a i  
182 0 |a b 
200 1 |a Профессор С. С. Ильенок (к 95-летию со дня рождения)  |b Электронный ресурс  |f И. В. Кучеренко, О. К. Скрипко 
203 |a Текст  |c электронный 
215 |a 1 файл (2.9 Мб) 
225 1 |a Страницы истории ТПУ 
230 |a Электронные текстовые данные (1 файл : 2.9 Мб) 
300 |a Заглавие с титульного листа 
300 |a Электронная версия печатной публикации 
330 |a Описан жизненный путь и научная деятельность заведующего кафедрой петрографии Томского политехнического института профессора С. С. Ильенка (1912-1983). 
337 |a Adobe Reader 
461 1 |0 (RuTPU)RU\TPU\book\176237  |t Известия Томского политехнического университета [Известия ТПУ]  |f Томский политехнический университет (ТПУ)  |d 2000- 
463 1 |0 (RuTPU)RU\TPU\book\187484  |t Т. 312, № 1 : Науки о Земле  |v [С. 94-97]  |d 2008  |p 106 с. 
600 1 |a Ильенок  |b С. С.  |c российский геолог  |c профессор Томского политехнического института  |f 1912-1983  |g Сергей Сергеевич  |y Томск  |2 stltpush  |3 (RuTPU)RU\TPU\pers\13902  |9 4404 
610 1 |a труды учёных ТПУ 
610 1 |a электронный ресурс 
700 1 |a Кучеренко  |b И. В.  |c российский геолог  |c профессор Томского политехнического университета, доктор геолого-минералогических наук  |f 1937-  |g Игорь Васильевич  |2 stltpush  |3 (RuTPU)RU\TPU\pers\13904 
701 1 |a Скрипко  |b О. К.  |c инженер  |c минералогический музей Томского политехнического университета  |g Ориэнта Константиновна  |2 stltpush  |3 (RuTPU)RU\TPU\pers\25752 
801 1 |a RU  |b 63413507  |c 20090623  |g PSBO 
801 2 |a RU  |b 63413507  |c 20211118  |g PSBO 
856 4 |u http://www.lib.tpu.ru/fulltext/v/Bulletin_TPU/2008/v312/i1/16.pdf 
942 |c CF